MDQL
is popping MORE tags! Check the
thread
!
Quizzes
Events
Quiz Creation
Community
Videos
Private Events
Remove Ads
Sign In
Join for FREE
Feedback
Dark Mode
Quiz Categories
Sports
Geography
Music
Movies
Television
Just For Fun
Miscellaneous
History
Literature
Language
Science
Gaming
Entertainment
Religion
Holiday
For Kids
Quiz Lab
Recent
Popular Today
Quiz Kudos Today
Editor Picks
Curator Picks
Quizzes by...
Day
Popularity
Type
Ratings
Length
Year
Community
Subscriptions
Recent Discussions
Orange Saloon
Badges
Playlists
Quests
Create
Leaderboards
Showdown
Live 5
Trivia Bingo
Activity
Puzzle Library
Sporcle Events
Private Events
Virtual Trivia
Globe League
Become a Host
Pub Owners
SporcleCon
Opinionation
Our Games
Videos
Blog
Mobile Apps
Partnerships
Remove Ads and Go Orange
Feedback
Religion
Mythology
Religious Music
World Religions
Bible
Christianity
Catholicism
Judaism
Church
Scripture
Islam
Verse
Religion
Mythology
Religious Music
World Religions
Bible
Christianity
Catholicism
Judaism
Church
Scripture
Islam
Verse
Random Quiz
Search Sporcle
×
Quiz Lab
Quiz Lab
Religion
Country
Type in answers that appear in a list
Type in answers that appear in a list
Classic
Best Score? Go Orange.
Countries Where Christianity is Persecuted Stats
Can you name the Countries Where Christianity is Persecuted?
By
MrMikaTheEpic
7m
48 Questions
206 Plays
206 Plays
206 Plays
Comments
Comments
Give Quiz Kudos
Give Quiz Kudos
-
- Ratings
hide this ad
Replay
Link that replays current quiz
Next Quiz
Link to next quiz in quiz playlist
You Got
0%
They Got
Avg Score
66%
Avg Friend Score
Upgrade to see
Score Distribution
Jump to the score distribution portion of the page
Score
0/48
Timer
07:00
0
Plays Today
Persecution Rating (7 is worst)
Country
% Correct
6/
7
Peoples Republic of China
92.7%
7/
7
Iran
91.3%
NA/
7
Iraq
89.3%
7/
7
Tibet
87.4%
5/
7
Egypt
85.4%
7/
7
Saudi Arabia
85.4%
6/
7
Pakistan
84%
5/
7
India
83%
7/
7
North Korea
82%
NA/
7
Libya
79.1%
NA/
7
Afghanistan
78.6%
NA/
7
Syria
78.2%
4/
7
Morocco
77.7%
7/
7
Sudan
77.7%
NA/
7
United Arab Ermites
77.2%
NA/
7
Yemen
75.7%
5/
7
Indonesia
75.7%
NA/
7
Algeria
74.8%
NA/
7
Oman
74.8%
5/
7
Turkey
73.3%
NA/
7
Somalia
71.8%
6/
7
Vietnam
71.8%
NA/
7
Qatar
71.4%
NA/
7
Tunisia
70.4%
Persecution Rating (7 is worst)
Country
% Correct
4/
7
Turkmenistan
69.4%
4/
7
Russia
68.9%
NA/
7
Kuwait
68.9%
NA/
7
Laos
68.4%
4/
7
Malaysia
68.4%
4/
7
Uzbekistan
67.5%
4/
7
Kazakhstan
67%
4/
7
Tajikistan
66.5%
5/
7
Nigeria
64.1%
4/
7
Kyrgyzstan
63.1%
6/
7
Bangladesh
61.7%
5/
7
Nepal
61.7%
4/
7
Azerbaijan
60.2%
4/
7
Sri Lanka
57.8%
6/
7
Bhutan
56.3%
6/
7
Mauritania
53.9%
NA/
7
Eritrea
53.9%
NA/
7
Maldives
49.5%
6/
7
Cuba
47.6%
4/
7
Belarus
33.5%
7/
7
Burma
33.5%
4/
7
Mexico
18%
4/
7
Colombia
18%
4/
7
Lithuania
3.9%
Quiz Playlist
Details
Report
Send in Message
Add To Playlist
Classic:
Type in answers that appear in a list
Quiz Source
Last Updated: Feb 16, 2017
Quiz Scoreboard
CHALLENGE
Sign Up to Join the Scoreboard
Show All
Scores
Hide
Comments
May contain spoilers
Recently Published
Two Season TV Shows II
by 123Four
Television
10m
Image Sorting: Flags VI
by Barbecue
Geography
2m
Find the 'City' Movie
by crazypaving
Movies
60s
More to Explore
Quiz From the Vault
Featured Blog Post
14 Easter Pick-up Lines to Find Eggs With
hide this ad
You Might Also Like...
Tags
Christianity Quiz
Country Quiz
Christian
Rating
Worst
Today's Top Quizzes in Religion
Browse Religion
hide this ad
Today's Top Quizzes in Country
Browse Country
Top Contributed Quizzes in Religion
1
Christmas Pick: Judaism
2
Mini Trivia Sudoku: Mythology
3
99 names of Allah
4
Religions Spelling Bee
5
Christmas Pick: Islam
6
Christmas Pick: World Religions
7
5-to-1: Children of Gods
8
Artistic Maundy Thursday
9
Longevity in the Bible
10
After Easter on Stained-glass Windows
Explore More
Trending Topics
Anime
Harry Potter
NBA
Marvel
Kpop
Crossword
Disney
NFL
Soccer
Song
Puzzle
Pokémon
Country
WWE
The Office
hide this ad
More By:
MrMikaTheEpic
Quiz
Plays
Rating
Category
Featured
Created
Non-Mississippi River States
38,723
4.41
Geography
May 24, 2011
Country Quiz: Nazi Germany
4,065
2.24
Geography
Jul 21, 2011
European Countries Invaded in World War II
1,838
2.05
History
Mar 6, 2011
Ethnicities of the U.S.S.R. (1990)
1,160
2.67
History
Mar 31, 2011
Countries of Europe: 1914
953
1.71
Geography
Jun 13, 2011
Go to Creator's Profile
Score Distribution
Quiz Creator Spotlight
MrMikaTheEpic
Follow
Send a Message
Quizzes Created
-
Created Quiz Play Count
-
More By This Creator
Popular Quizzes Today
1
Colored Red Africa Blitz
2
Find the US States - No Outlines Minefield
3
Find the 'City' Movie
4
5x2 Blitz: Bands
5
The Countries of the World
6
Find the US States
7
Find the Countries of Europe - No Outlines Minefield
8
US States
More Religion Quizzes
Alive for Five? (Religion Edition)
Published
Trending Quizzes
Colored Red Europe Blitz I
Colored Red Africa Blitz II
Colored Red Europe Blitz II
Colored Red Africa Blitz III
Colored Red Europe Blitz III
Recently Updated
How Do You Spell That?
pecheneg
Godzilla Movies
pecheneg
Grab Bag: 4-10 Letters
pecheneg
2024 March Madness Bracket
pecheneg
Famous TV Couples
Peacemaker
Champions League XIs: Real Madrid
pecheneg
Largest US Cities 1790-2010
pecheneg
Rides in Walt Disney World
pecheneg
Most Oscar Losses (Acting)
pecheneg
Beyoncé Albums
pecheneg
Trending Topics
Crossword
Marvel
Disney
Anime
Harry Potter
NBA
Kpop
Country
Song
The Office
Soccer
WWE
NFL
Pokémon
Puzzle
Your Account Isn't Verified!
In order to create a playlist on Sporcle, you need to verify the email address you used during registration. Go to your
Sporcle Settings
to finish the process.
Report this User
Report this user for behavior that violates our
Community Guidelines
.
Details:
Send Report
Go to the Sporcle.com Mobile Site →
Comments